Ethical Theory and Business

Enregistré dans:
Détails bibliographiques
Autres auteurs: Beauchamp, Tom L., Bowie, Norman E.
Format: Livre
Langue:anglais
Publié: Upper Saddle River Prentice Hall 1997
Édition:5. ed.
Sujets:
Tags: Ajouter un tag
Pas de tags, Soyez le premier à ajouter un tag!

MARC

LEADER 00000nam a2200000 4500
001 c020069
005 20221129110147.4
020 |a 0-13-398520-2 
041 0 |a eng 
044 |a US 
245 1 0 |a Ethical Theory and Business  |c Edit. Tom L. Beauchamp, Norman E. Bowie 
250 |a 5. ed. 
264 1 |a Upper Saddle River  |b Prentice Hall  |c 1997 
300 |a 661 s. 
610 2 0 |a etika 
610 2 0 |a etika podnikateľská 
610 2 0 |a podnikanie 
610 2 0 |a odvetvia činnosti ekonomickej 
610 2 0 |a etika sociálna 
610 2 0 |a štúdie prípadové 
610 2 0 |a USA 
700 1 |a Beauchamp, Tom L. 
700 1 |a Bowie, Norman E.